000 00506nam a2200181Ia 4500
003 OSt
005 20240406095701.0
008 210210b1957 xxu||||| |||| 00| 0 eng d
040 _cAL
041 _aKannada
082 _a852/325
100 _aNADODI ನಾಡೋಡಿ
_9159120
245 _aVinoba: Ani muttugalu
_bವಿನೋಬಾ: ಆಣಿ ಮುತ್ತುಗಳು
260 _aBengaLuru
_bVahini Prakashana
_c1957
690 _aKannada Prose
_9159121
906 _a018895
942 _2ddc
_cBK
999 _c142691
_d142691